000 00568nam a2200205Ii 4500
001 18994
003 CO-ViMGA
008 241108s9999||||xx |||||||||||||| ||und||
020 _a9084109
040 _aCO-ViMGA
_bspa
_erda
_cCO-ViMGA
041 0 _aspa
082 0 4 _aR 320.9861 A77
245 1 0 _aArtistas por la paz
264 1 _aBogotá, Colombia : Villegas Editores, 1986
300 _avolumen
336 _atext
_btxt
_2rdacontent
337 _aunmediated
_bn
_2rdamedia
338 _avolume
_bnc
_2rdacarrier
940 _aidficha_siabuc: 18651. -- ficha_no_siabuc:18994
999 _c47874
_d47874